Amritsar to Lahore : (Record no. 586244)

000 -LEADER
fixed length control field 00608cam a2200181 a 4500
020 ## - INTERNATIONAL STANDARD BOOK NUMBER
International Standard Book Number 0812235657 (alk. paper)
020 ## - INTERNATIONAL STANDARD BOOK NUMBER
International Standard Book Number 0812217438 (pbk. : alk. paper)
082 00 - DEWEY DECIMAL CLASSIFICATION NUMBER
Classification number 915.40452
100 1# - MAIN ENTRY--PERSONAL NAME
Personal name Alter, Stephen.
245 10 - TITLE STATEMENT
Title Amritsar to Lahore :
Remainder of title cross the border between India and Pakistan
Statement of responsibility, etc. Stephen Alter.
260 ## - PUBLICATION, DISTRIBUTION, ETC.
Place of publication, distribution, etc. India
Name of publisher, distributor, etc. Penguin Books
Date of publication, distribution, etc. 2000
300 ## - PHYSICAL DESCRIPTION
Extent 240 p. :
Dimensions 17 cm.
504 ## - BIBLIOGRAPHY, ETC. NOTE
Bibliography, etc. note Includes bibliographical references (p. [203]-204) and index.
942 ## - ADDED ENTRY ELEMENTS (KOHA)
Source of classification or shelving scheme
Koha item type Book
Holdings
Withdrawn status Lost status Source of classification or shelving scheme Materials specified (bound volume or other part) Damaged status Not for loan Permanent Location Current Location Date acquired Source of acquisition Total Checkouts Total Renewals Full call number Barcode Date last seen Date last checked out Price effective from Koha item type
      Donated by Ms. Saima Anwer DFID     Central Library (CL) Central Library (CL) 08/27/2021 Donation 2 3 915.40452 ALT CL-D-1195 10/26/2024 06/01/2024 08/27/2021 Book
© 2023 Central Library, National University of Sciences and Technology. All Rights Reserved.